Sachitra hindi bal-kosh (Record no. 1397584)

MARC details
000 -LEADER
fixed length control field 00595nam a2200205Ia 4500
005 - DATE AND TIME OF LATEST TRANSACTION
control field 20250508165816.0
008 - FIXED-LENGTH DATA ELEMENTS--GENERAL INFORMATION
fixed length control field 008 250505s9999 xx 000 0 hin d
037 ## - SOURCE OF ACQUISITION
Stock number Textual
040 ## - CATALOGING SOURCE
Original cataloging agency FEDL
Language of cataloging eng
Transcribing agency FEDL
041 ## - LANGUAGE CODE
Language code of text/sound track or separate title hin
Source of code hin
084 ## - COLON CLASSIFICATION NUMBER
Classification number 491.43, KHE
Assigning agency FEDL
100 ## - MAIN ENTRY--PERSONAL NAME
Personal name Khemani Kusum Ed.
9 (RLIN) 775662
245 #0 - TITLE STATEMENT
Title Sachitra hindi bal-kosh
260 ## - PUBLICATION, DISTRIBUTION, ETC.
Place of publication, distribution, etc. Calcutta, India
Name of publisher, distributor, etc. Santi Nidhi Trust
Date of publication, distribution, etc. 1988
300 ## - PHYSICAL DESCRIPTION
Extent 207p.
365 ## - TRADE PRICE
Price type code INR
Price amount 350
546 ## - LANGUAGE NOTE
Language note Acc. No. 61241 is gifted book by Prof. krishna Kumar
942 ## - ADDED ENTRY ELEMENTS (KOHA)
Koha item type Textual
Classification part 491.43, KHE
Holdings
Withdrawn status Lost status Damaged status Not for loan Home library Current library Date acquired Cost, normal purchase price Total Checkouts Full call number Barcode Date last seen Price effective from Koha item type
        Department of Education Library Department of Education Library 2025-05-08 350.00   491.43, KHE EL0091241 2025-05-08 2025-05-08 Textual
Copyright @ Delhi University Library System